Casos constitucionais em destaque : (Record no. 1279)

MARC details
000 -LÍDER
Campo Fixo de Controle 00955nam a2200301 a 4500
001 - NÚMERO DE CONTROLE
Campo de Controle 1279
003 - IDENTIFICAÇÃO DO NÚMERO DE CONTROLE
Campo de Controle BR-CuiBMT
005 - DATA E HORA DA ÚLTIMA ATUALIZAÇÃO
Campo de Controle 20231207221553.0
008 - DADOS FIXOS
Dados Fixos 231203s2013 dtb 001 0 por d
020 ## - INTERNATIONAL STANDARD BOOK NUMBER
Nº do ISBN 9788582960028
040 ## - AGÊNCIA CATALOGADORA
Código da Agência Catalogadora BR-CuiBMT
Agência que transcreveu o registro BR-CuiBMT
080 ## - Nº DA CLASSIFICAÇÃO DECIMAL UNIVERSAL
Nº edição CDU 2007
Nº Class. CDU 342.7
090 ## - NÚMERO DE CHAMADA
Nº classificação 342.7
Cutter P226c
100 1# - ENTRADA PRINCIPAL -- AUTOR PESSOAL
Nome pessoal Pardo, David Wilson de Abreu
245 10 - TÍTULO PRINCIPAL
Título principal Casos constitucionais em destaque :
Subtítulo princípios fundamentais /
Indicação de responsabilidade David Wilson de Abreu Pardo.
260 ## - PUBLICAÇÃO, DISTRIBUIÇÃO, ETC.
Local de publicação Brasília :
Editora Conselho da Justiça Federal,
-- Centro de Estudos Judiciários,
Data 2013.
300 ## - DESCRIÇÃO FÍSICA
N. páginas ou volumes 278 p. ;
Dimensões 21 cm
490 1# - INDICAÇÃO DE SÉRIE
Título da série Monografias do CEJ ;
Volume/designação sequencial da série v. 16
504 ## - NOTA DE BIBLIOGRAFIA, ETC.
Nota de bibliografia Inclui bibliografia.
650 ## - ASSUNTO TÓPICO
Cabeçalho tópico ou nome geográfico Direitos e garantias individuais
650 ## - ASSUNTO TÓPICO
Cabeçalho tópico ou nome geográfico Genética humana
650 ## - ASSUNTO TÓPICO
Cabeçalho tópico ou nome geográfico Anencefalia
650 ## - ASSUNTO TÓPICO
Cabeçalho tópico ou nome geográfico Liberdade de expressão
650 ## - ASSUNTO TÓPICO
Cabeçalho tópico ou nome geográfico Acesso à educação
650 ## - ASSUNTO TÓPICO
Cabeçalho tópico ou nome geográfico Liberdade de culto
830 #0 - ENTRADA SECUNDÁRIA DE SÉRIE -- TÍTULO UNIFORME
Título uniforme Monografias da CEJ ;
Nº do volume/designação sequencial da série 16
942 ## - ELEMENTOS DE ENTRADA ADICIONAIS (KOHA)
Fonte de classificação ou esquema de arquivamento Classificação Decimal Universal
Tipo de item do Koha Livros
Holdings
Estado: removido Estado: perdido Fonte de classificação ou esquema de arquivamento Estado: danificado Indisponível para empréstimo Localização permanente Localização atual Data de aquisição Total Checkouts Número de Chamada completo Código de barras Date last seen Número do exemplar Preço efetivo a partir de Tipo de item (Koha)
    Classificação Decimal Universal     Biblioteca da Escola Superior de Contas do TCE/MT Biblioteca da Escola Superior de Contas do TCE/MT 15/05/2017   342.7 P226c BIBTCEMT23120097 03/12/2023 Ex. 1 03/12/2023 Livros

Powered by Koha